书目信息 |
| 题名: |
摄影基础教程
|
|
| 作者: | 复旦大学新闻系 编 | |
| 分册: | ||
| 出版信息: | 上海 复旦大学出版社 1985.12 |
|
| 页数: | 512页 | |
| 开本: | 20cm | |
| 丛书名: | ||
| 单 册: | ||
| 中图分类: | TB81 | |
| 科图分类: | ||
| 主题词: | 摄影--理论 | |
| 电子资源: | ||
| ISBN: | ||
| 000 | 00551nam0 2200193 45 | |
| 001 | 0312221749 | |
| 005 | 20031222170908.9 | |
| 010 | @dCNY2.20 | |
| 100 | @a20031222d1985 km y0chiy0120 ea | |
| 101 | @achi | |
| 105 | @a z 000yy | |
| 200 | 1 | @a摄影基础教程@AShe Ying Ji Chu Jiao Cheng@f复旦大学新闻系编@FFu Dan Da Xue Xin Wen Xi Bian |
| 210 | @a上海@c复旦大学出版社@d1985.12 | |
| 215 | @a512页@d20cm | |
| 606 | 0 | @a摄影@x理论 |
| 690 | @aTB81@v3 | |
| 701 | 0 | @a复旦大学新闻系@4编 |
| 801 | @aCN@bTSTCL@c20031222 | |
| 905 | @a213230@dTB81@e13@b202843@f1 | |
| 摄影基础教程/复旦大学新闻系编.-上海:复旦大学出版社,1985.12 |
| 512页;20cm |
| ISBN :CNY2.20 |
| ● |
| 相关链接 |
|
|
|
|
正题名:摄影基础教程
索取号:TB81/13
 
预约/预借
| 序号 | 登录号 | 条形码 | 馆藏地/架位号 | 状态 | 备注 |
| 1 | 0202843 | 001359648 | 第三借阅区/ [索取号:TB81/13] | 在馆 |